Szczegóły MARC21

VII Kongres Ekonomistów Polskich, styczeń 2001. T. 5, Problemy rozwoju regionalnego : praca zbiorowa /

003 -Nazwa inst., której nr kontr. jest w polu 001 [,]
    • @
    • Nazwa instytucji, której n kontrolny jest w polu 001
    • NUKAT
005 -DATA I CZAS OSTATNIEJ MODYFIKACJI [,]
    • @
    • pole kontrolne
    • 20241231102422.0
020 -Międzynarod. znormalizowany nr książki - ISBN [ , ]
    • a
    • Numer ISBN
    • 8311094381 Find
040 -Instytucja sporządzająca opis [ , ]
    • a
    • Instytucja, która sporządziła opis (NP)
    • WA 51/EP
    • c
    • Instytucja, która sporządziła rekord (NP)
    • WA 51/EP
    • d
    • Instytucja, która zmodyfikowała rekord (P)
    • WA 51/EP
    • d
    • Instytucja, która zmodyfikowała rekord (P)
    • WA 51/AŁs
942 -Rodzaj dokumentu [ , ]
    • c
    • Rodzaj dokumentu
    • Książka
111 -Hasło główne - nazwa imprezy [2, ]
    • a
    • Nazwa imprezy (NP)
    • Kongres Ekonomistów Polskich Find
    • n
    • Numer imprezy (P)
    • (7 ;
    • d
    • Data imprezy (NP)
    • 2001 ;
    • c
    • Miejsce imprezy (NP)
    • Warszawa).
    • 9
    • KHW
    • 445500
245 -Strefa tytułu i oznaczenia odpowiedzialności [1,0]
    • a
    • Tytuł
    • VII Kongres Ekonomistów Polskich, styczeń 2001. Find
    • n
    • Oznaczenie części (P)
    • T. 5,
    • p
    • Nazwa części (P)
    • Problemy rozwoju regionalnego : praca zbiorowa /
    • c
    • Pozostałe elementy strefy tytułu i oznaczenia odpowiedzialności (NP)
    • pod red. Jacka Brdulaka.
246 -Wariant tytułu [3,0]
    • a
    • Tytuł (NP)
    • Kongres Ekonomistów Polskich, 7
246 -Wariant tytułu [3,0]
    • a
    • Tytuł (NP)
    • Problemy rozwoju regionalnego
260 -Strefa adresu wydawniczego [ , ]
    • a
    • Miejsce wydania (P)
    • Warszawa :
    • b
    • Nazwa wydawcy (P)
    • Polskie Towarzystwo Ekonomiczne :
    • b
    • Nazwa wydawcy (P)
    • Dom Wydawniczy Bellona,
    • c
    • Data wydania (P)
    • 2001.
300 -Strefa opisu fizycznego [ , ]
    • a
    • Określenie formy książki i/lub objętość (NP)
    • 376 s. :
    • b
    • Oznaczenie ilustracji (NP)
    • mapy, rys., wykr. ;
    • c
    • Format (NP)
    • 24 cm.
336 -Typ zawartości [ , ]
    • a
    • Termin opisujący typ zawartości
    • Tekst
    • b
    • Kod określający zawartość
    • txt
    • 2
    • Źródło (terminu i kodu)
    • rdacontent
337 -Typ mediów [ , ]
    • a
    • Tryb odtwarzania
    • Bez urządzenia pośredniczącego
    • b
    • Kod typu mediów
    • n
    • 2
    • Źródło (terminu i kodu)
    • rdamedia
338 -Typ/rodzaj nośnika [ , ]
    • a
    • Hasło opisujące typ nośnika
    • Wolumin
    • b
    • Kod typu nośnika
    • nc
    • 2
    • Źródło (terminu i kodu)
    • rdacarrier
380 -Deskryptor - Forma dzieła (P) [ , ]
    • a
    • forma dzieła (NP)
    • Książki
504 -Uwaga dot. bibliogr. załącznikowej [ , ]
    • a
    • Uwaga dot. bibliografii załącznikowej
    • Bibliogr. przy ref.
080 -Uniwersalna Klasyfikacja Dziesiętna [ , ]
    • a
    • Symbol klasyfikacji
    • 332.14(438)"1989/..."(061)
648 -Hasło przedmiotowe - chronologia [ ,7]
    • a
    • Deskryptor chronologiczny
    • 1901-2000
    • 2
    • Źródło terminu
    • DBN
    • 9
    • KHW
    • 721448
648 -Hasło przedmiotowe - chronologia [ ,7]
    • a
    • Deskryptor chronologiczny
    • 1989-2000
    • 2
    • Źródło terminu
    • DBN
    • 9
    • KHW
    • 721451
648 -Hasło przedmiotowe - chronologia [ ,7]
    • a
    • Deskryptor chronologiczny
    • 2001-
    • 2
    • Źródło terminu
    • DBN
    • 9
    • KHW
    • 721449
650 -Hasło przedmiotowe [ ,7]
    • a
    • Hasło przedmiotowe
    • Polityka regionalna
    • 2
    • Źródło terminu
    • DBN
    • 9
    • KHW
    • 726550
650 -Hasło przedmiotowe [ ,7]
    • a
    • Hasło przedmiotowe
    • Regionalizacja ekonomiczna
    • z
    • Określnik geograficzny
    • Polska
    • y
    • Określnik chronologiczny
    • 1990-
    • v
    • Określnik formalny
    • konferencje.
    • 2
    • Źródło terminu
    • kaba
    • 9
    • KHW
    • 358765
651 -Hasło przedmiotowe w formie nazwy geograficznej [ ,7]
    • a
    • Nazwa geograficzna
    • Polska
    • 2
    • Źródło terminu
    • DBN
    • 9
    • KHW
    • 721438
651 -Hasło przedmiotowe w formie nazwy geograficznej [ ,7]
    • a
    • Nazwa geograficzna
    • Polska
    • x
    • Określnik rzeczowy
    • polityka gospodarcza
    • y
    • Określnik chronologiczny
    • 1989-
    • v
    • Określnik formalny
    • konferencje.
    • 2
    • Źródło terminu
    • kaba
    • 9
    • KHW
    • 355449
655 -Hasło w funkcji tematu formalnego [ ,7]
    • a
    • Hasło
    • Materiały konferencyjne
    • 2
    • Źródło terminu
    • DBN
    • 9
    • KHW
    • 721761
658 -Ujęcie treści [ , ]
    • a
    • dziedzina nauki i sztuki/ sfera aktywności życiowej
    • Polityka, politologia, administracja publiczna
700 -Hasło dodatkowe - nazwa osobowa [1, ]
    • a
    • Nazwa osobowa (NP)
    • Brdulak, Jacek Find
    • d
    • Daty biograficzne (NP)
    • (1953- ).
    • e
    • Określenie rodzaju współpracy
    • Red.
    • 9
    • KHW
    • 9036
710 -Hasło dodatkowe - nazwa ciała zbiorowego [2, ]
    • a
    • Nazwa ciała zbiorowego lub nazwa geograficzna jako pierwszy element (NP)
    • Dom Wydawniczy Bellona (1997-2007).
    • 4
    • Kod relacji
    • pbl
    • 9
    • KHW
    • 59913
920 -ISBN [ , ]
    • a
    • ISBN
    • 83-11-09438-1 Find
Data inwentaryzacji Lokalizacja Status udost. Numer inwentarzowy Sygnatura
2016-02-23GW-2GW.631633
2002-11-07T-2T.7066T.7066